[Event "San Martino di Castrozza op 3rd"]
[Site "San Martino di Castrozza"]
[Date "2002.07.03"]
[Round "3"]
[White "Brignone, Roberto"]
[Black "Marciello, Armando"]
[Result "0-1"]
[WhiteElo "2165"]
[BlackElo "1863"]
[PlyCount "152"]
[EventDate "2002.07.01"]
[EventType "swiss"]
[EventRounds "7"]
[EventCountry "ITA"]
[SourceTitle "EXT 2007"]
[Source "ChessBase"]
[SourceDate "2006.11.23"]
[SourceVersion "1"]
[SourceVersionDate "2006.11.23"]
[SourceQuality "1"]

1. e4 c5 2. Nf3 Nc6 3. d4 cxd4 4. Nxd4 e5 5. Nb5 d6 6. Be2 a6 7. N5c3 Nf6 8. 0-0 Be6 9. Be3 Be7 10. a4 0-0 11. Nd2 Rc8 12. f4 exf4 13. Bxf4 Qb6+ 14. Kh1 Qxb2 15. Rf3 Nd4 16. Rb1 Qxc2 17. Qxc2 Nxc2 18. Rxb7 Nd4 19. Rd3 Nxe2 20. Nxe2 Nh5 21. Kg1 Nxf4 22. Nxf4 Rc1+ 23. Kf2 Bg5 24. Kg3 Bxf4+ 25. Kxf4 Rc6 26. Nf3 h6 27. Nd4 Rc4 28. Nxe6 fxe6+ 29. Ke3 Rd8 30. Rb6 Rxa4 31. e5 d5 32. Rxe6 Kf7 33. Rb6 Ke7 34. Rb7+ Ke6 35. Rxg7 Kxe5 36. Re7+ Kd6 37. Rh7 Re8+ 38. Kf3 Rf8+ 39. Kg3 Rf6 40. h3 d4 41. Rh8 Kd5 42. Rd8+ Ke4 43. Rd1 Rg6+ 44. Kh2 Rg5 45. Re8+ Kd5 46. Rd8+ Kc5 47. Rc8+ Kb6 48. Rd8 Ra2 49. Rd6+ Kc5 50. Rxh6 Rgxg2+ 51. Kh1 a5 52. Rh8 Rh2+ 53. Kg1 Rag2+ 54. Kf1 Rh1+ 55. Kxg2 Rxd1 56. Rc8+ Kb4 57. Rb8+ Kc3 58. Rc8+ Kd2 59. Ra8 Ra1 60. h4 d3 61. h5 Ra4 62. Kf2 Kd1 63. h6 Rh4 64. Rxa5 Rxh6 65. Ra1+ Kc2 66. Ra2+ Kb3 67. Ra8 Re6 68. Rd8 Kc2 69. Rc8+ Kd2 70. Ra8 Rf6+ 71. Kg3 Ke2 72. Re8+ Kd1 73. Re7 d2 74. Re8 Rc6 75. Ra8 Ke2 76. Ra2 Ke1 0-1